000 00564nam a22001697a 4500
005 20260205091447.0
008 260204b |||||||| |||| 00| 0 eng d
020 _a978-0-099-42907-4
050 _aPR 6063 .U7 U5 2025
100 _a MURDOCH, IRIS
245 _aUNDER THE NET
260 _aLONDON,
_bVINTAGE CLASSICS: PENGUIN RANDOM HOUSE UK,
_c2025,
300 _axix, 355 P ,ILL
650 _aLONDON (ENGLAND) - FICTION 2. AUTHORS- FICTION 3. PHILOSOPHERS - FICTION 4. FRIENDSHIP - FICTION
700 _aCHARLOTTE MENDELSON, KIERNAN RYAN
942 _2lcc
_cBK
999 _c216541
_d216541